000 00368 a2200145 4500
001 169099
020 _a
040 _cMagnum
100 _aWarde, Mirian Jorge (Org.)
240 1 0 _aNovas politicas educacionais: criticas e perspectivas
_lpor
245 1 0 _aNovas politicas educacionais: criticas e perspectivas
362 0 _a1899
697 _aENSINO
942 _cBK
999 _c169099
_d169099